| 000 | 00891nam a2200217Ia 4500 | ||
|---|---|---|---|
| 999 |
_c65621 _d65621 |
||
| 005 | 20240530110834.0 | ||
| 008 | 140319s2005 ua 000 0 ara d | ||
| 017 |
_a2005/2547 _bمصر. دار الكتب |
||
| 020 | _a9772085097 | ||
| 040 |
_aGCL / _cGCL |
||
| 082 | 0 | 4 |
_221 _a280.1/ _bم م |
| 100 | 0 | 1 | _aمورافييف بوريس |
| 245 | 1 | 0 |
_aالمعرفة الباطنية : _bدراسة وتعليق على التقليد الباطنى للارثوذكسية الشرقية / _cبوريس مورافييف ؛ تعريب وتقديم وتعليق فؤاد رامز _nالمجلد الاول _pالدورة الخارجية |
| 250 | _aط.1 | ||
| 260 |
_aالقاهرة : _bمكتبة مدبولى، _c2005 |
||
| 300 |
_a305 ص ؛ _c24 سم |
||
| 650 | 0 | 7 |
_2qrmak _aالارثوذكسية |
| 651 | _2qrmak | ||
| 942 |
_2ddc _cBK |
||